Lahore in motion : (Record no. 140195)
[ view plain ]
| 000 -LEADER | |
|---|---|
| fixed length control field | 00780nam a22002417a 4500 |
| 005 - DATE AND TIME OF LATEST TRANSACTION | |
| control field | 20260325100512.0 |
| 008 - FIXED-LENGTH DATA ELEMENTS--GENERAL INFORMATION | |
| fixed length control field | 260325b |||||||| |||| 00| 0 eng d |
| 020 ## - INTERNATIONAL STANDARD BOOK NUMBER | |
| International Standard Book Number | 9789696403333 |
| 040 ## - CATALOGING SOURCE | |
| Transcribing agency | PK-LaUMT |
| 082 ## - DEWEY DECIMAL CLASSIFICATION NUMBER | |
| Classification number | 711.4 |
| Item number | LAH- |
| 245 ## - TITLE STATEMENT | |
| Title | Lahore in motion : |
| Remainder of title | infrastructure, history and belonging in urban Pakistan / |
| Statement of responsibility, etc | edited by Ammara Maqsood, Chris Moffat and Fizzah Sajjad |
| 260 ## - PUBLICATION, DISTRIBUTION, ETC. (IMPRINT) | |
| Place of publication, distribution, etc | Lahore : |
| Name of publisher, distributor, etc | ILQA Publications, |
| Date of publication, distribution, etc | 2025 |
| 300 ## - PHYSICAL DESCRIPTION | |
| Extent | xiii, 231 p. |
| 500 ## - GENERAL NOTE | |
| General note | Index present |
| 546 ## - LANGUAGE NOTE | |
| Language note | Eng |
| 650 ## - SUBJECT ADDED ENTRY--TOPICAL TERM | |
| Topical term or geographic name as entry element | Cities-Pakistan-Lahore |
| 650 ## - SUBJECT ADDED ENTRY--TOPICAL TERM | |
| Topical term or geographic name as entry element | Infrastructure-Pakistan-Lahore |
| 650 ## - SUBJECT ADDED ENTRY--TOPICAL TERM | |
| Topical term or geographic name as entry element | Urban Policies-Lahore |
| 700 0# - ADDED ENTRY--PERSONAL NAME | |
| Personal name | Ammara Maqsood |
| 700 1# - ADDED ENTRY--PERSONAL NAME | |
| Personal name | Moffat, Chris |
| 700 0# - ADDED ENTRY--PERSONAL NAME | |
| Personal name | Fizzah Sajjad |
| 942 ## - ADDED ENTRY ELEMENTS (KOHA) | |
| Koha item type | Books |
| Withdrawn status | Lost status | Damaged status | Home library | Current library | Date acquired | Full call number | Barcode | Date last seen | Price effective from | Koha item type |
|---|---|---|---|---|---|---|---|---|---|---|
| UMT Main Campus | UMT Main Campus | 2026-03-25 | 711.4 LAH- | 151867 | 2026-03-25 | 2026-03-25 | Books |
